Agricultural Machinery; ម៉ាសីុនកសិកម្ម (Record no. 10306)

000 -LEADER
fixed length control field 00297nam a22001217a 4500
040 ## - CATALOGING SOURCE
Transcribing agency BTJ
082 ## - DEWEY DECIMAL CLASSIFICATION NUMBER
Classification number 631
100 ## - MAIN ENTRY--AUTHOR NAME
Personal name សួស ចំណាន
245 ## - TITLE STATEMENT
Title Agricultural Machinery; ម៉ាសីុនកសិកម្ម
260 ## - PUBLICATION, DISTRIBUTION, ETC. (IMPRINT)
Place of publication RUA
Name of publisher សួស
Year of publication 2011
300 ## - PHYSICAL DESCRIPTION
Number of Pages 39p.
942 ## - ADDED ENTRY ELEMENTS (KOHA)
Koha item type សៀវភៅភាសាខ្មែរ
952 ## - LOCATION AND ITEM INFORMATION (KOHA)
Withdrawn status [LOCAL, KOHA] 0
Holdings
Koha item type Shelving location Lost status Permanent Location Current Location Date acquired Full call number
សៀវភៅភាសាខ្មែរC256 Library Block CLibrary Block C2016-10-12631 សួស 2011 C256
មជ្ឈមណ្ឌលឯការនៃសាកលវិទ្យាល័យភូមិន្ទកសិកម្មចំការដូង

Powered by Koha